000 00624cam a2200241 4500
008 090401t1979 xxu||||| |||| 00| 0 eng d
020 _a011725035X
035 _a(Sirsi) u41766
041 _aeng
050 _a690
110 _aBuilding Research Establishment
245 _aThermal, visual and acoustic requirements in buildings.
260 _aLondon
_bHMSO
_c1979
300 _a8p. : ill. ; 30cm.
350 _a0
490 _aBRE Digest
_v226
650 _aLIGHTING
650 _aNOISE
650 _aTHERMAL COMFORT
690 _aBUILT ENVIRONMENT-CONSTRUCTION DESIGN
942 _n0
948 _c04/03/1997
999 _c90978
_d90978